000 00626 a2200193 4500
999 _c8713
_d8713
020 _a0198254741
050 0 0 _aK940HAR1985
100 1 _aHart, H. L. A.
_d1907-1992.
245 1 0 _aCausation in the law /
_c
250 _a2nd ed.
264 _aOxford:
_bOxford University Press,
_c1985
300 _alxxxi, 516 p. ;
500 _aIncludes index.
504 _aBibliography: p. [498]-507.
650 0 _aProximate cause (Law)
700 1 _a
_d1921-
856 4 2 _3Publisher description
_uhttp://www.loc.gov/catdir/enhancements/fy0606/83026836-d.html
942 _2lcc
_cBK
_h940
_iHAR
_kK